| 000 | 01038nam0a22003011 4500 | ||
|---|---|---|---|
| 001 | RU\INFOCOMM_318\NLR\5000090800 | ||
| 005 | 20250613105207.0 | ||
| 035 | _a(NLR Aleph) 009521246 | ||
| 090 |
_a8828464 _c8828464 |
||
| 100 | _a20121224d1961 |||y0rusy50 ca | ||
| 101 | 0 | _aeng | |
| 102 | _aRU | ||
| 105 | _ay z ||||| | ||
| 200 | 1 |
_aOn photon-nucleon scattering _fL. I. Lapidus, Chou Kuang-chao |
|
| 210 |
_aDubna _d1961 |
||
| 215 |
_a28 с. _cил. _d29 см |
||
| 225 | 1 |
_a[Издания] _fОбъедин. ин-т ядерных исследований. Лаборатория ядерных проблем. Лаборатория теорет. физики _vD-740 |
|
| 309 | _aОтпеч. множит. аппаратом | ||
| 320 | _aБиблиогр.: с. 28 | ||
| 620 | _aДубна | ||
| 686 |
_aФз-1605 _2rubbk |
||
| 700 | 1 |
_aLapidus _bL. I. _gLev Iosifovič |
|
| 701 | 1 | _aChou Kuang-chao | |
| 801 | 1 |
_aRU _bInfocomm _c20121224 |
|
| 801 | 0 |
_aRU _bINFOCOMM _gPSBO |
|
| 852 |
_aNLR _jP11/3130 |
||
| 942 | _cBOOK | ||
| 980 | _aNB | ||